| 000 | 00695cam a22001934a 4500 | ||
|---|---|---|---|
| 020 | _a0471229466 (Paper/CDROM : alk. paper) | ||
| 040 | _cDLC | ||
| 082 | 0 | 0 | _a005 WIL 2003 A007 Or. |
| 100 | 1 | _aChirillo, John, | |
| 245 | 1 | 0 |
_aHack attacks testing : _bhow to conduct your own security audit / |
| 260 |
_aNew York : _bWiley, _cc2003. |
||
| 300 |
_axvi, 540 p. : _bill. ; _c24 cm. _e+ 1 CD-ROM (4 3/4 in.) |
||
| 650 | 0 | _aComputer security. | |
| 650 | 0 | _aHackers. | |
| 856 | 4 | 2 | _uhttp://www.loc.gov/catdir/bios/wiley046/2002152542.html |
| 856 | 4 | 2 | _uhttp://www.loc.gov/catdir/description/wiley0310/2002152542.html |
| 856 | 4 | 1 | _uhttp://www.loc.gov/catdir/toc/wiley031/2002152542.html |
| 942 | _cEK | ||
| 999 |
_c12476 _d12476 |
||